| 000 | 01147nam a22003257a 4500 | ||
|---|---|---|---|
| 003 | CHAP | ||
| 005 | 20220329134006.0 | ||
| 008 | 971013s1985 r 00010 d | ||
| 010 | _a13725 | ||
| 011 | _a14697 | ||
| 035 | _a18771 | ||
| 040 | _cCHAP | ||
| 090 | _aTesis | ||
| 100 | 0 | 0 |
_aRiemann Valenzuela, Héctor Jesús. _997396 |
| 245 | _aEvaluación de un proyecto de financiamiento porcícola para el municipio de Texcoco, México | ||
| 260 |
_aChapingo, Méx. : _bEl autor, _c1985 |
||
| 300 | _a118 h. | ||
| 502 | _aTesis (Ing. Agr. Esp. en Economía Agrícola) -- UACH. Departamento de Economía Agrícola | ||
| 590 |
_aALEPH _b10 _c20130110 _lUCH01 _h1233 |
||
| 590 |
_aBATCH-UPD _b10 _c20130110 _lUCH01 _h1851 |
||
| 590 |
_aBATCH-UPD _b10 _c20130410 _lUCH01 _h1220 |
||
| 590 |
_aBATCH-UPD _b10 _c20130914 _lUCH01 _h1519 |
||
| 590 |
_aCONVERSION _b10 _c20130109 _lUCH01 _h1309 |
||
| 650 | 1 | 4 |
_aGanado porcino _xAspectos económicos. _945334 |
| 650 | 1 | 4 |
_aGanado porcino _xCostos de producción. _945348 |
| 650 | 1 | 4 |
_aGanado porcino _xMéxico (Edo.) _945387 |
| 901 | _aBK | ||
| 942 | _cTESIS | ||
| 949 |
_bBC _cTES _d-43654 _eTS1 _h30255 _i18771 _si |
||
| 999 |
_c13725 _d13725 |
||